[Event "European Cities & Towns Chess Championship - Open/Seniors"]
[Site "Central Europe"]
[Date "2023.01.29"]
[Round "2.11.2"]
[White "Patel, Zain"]
[Black "Kosta, Kelvin"]
[Result "1-0"]
[WhiteElo "1806"]
[BlackElo "1950"]
[BlackCountry "AL"]
[BlackFideId "4703855"]
[BlackTeam "Butrinti"]
[WhiteCountry "GB"]
[WhiteFideId "469246"]
[WhiteTeam "London Juniors"]

1. d4 Nf6 2. Nf3 e6 3. c4 d5 4. Nc3 c6 5. e3 Be7 6. Bd3 b6 7. Qc2 Bb7 8. 
O-O Nbd7 9. b3 O-O 10. Bb2 c5 11. Ne5 h6 12. f4 Rc8 13. Rad1 Qc7 14. Nb5 
Qb8 15. Qf2 a6 16. Nxd7 Nxd7 17. Nc3 Nf6 18. cxd5 exd5 19. dxc5 Bxc5 20. 
Bf5 Rce8 21. Rfe1 Bc8 22. Bxc8 Qxc8 23. Nxd5 Nxd5 24. Rxd5 Qc6 25. Re5 f6 
26. Rxe8 Rxe8 27. Bd4 Bxd4 28. exd4 Rxe1+ 29. Qxe1 Kf7 30. Qd2 Qe4 31. Kf2
Qd5 32. Qd3 Ke7 33. g3 Qh1 34. Qe2+ Kd8 35. Qh5 Qb1 36. Qd5+ Kc7 37. Qf7+ 
Kb8 38. Qf8+ Kb7 39. Qxg7+ Kb8 40. Qf8+ Kb7 41. Qe7+ Kb8 42. Qe2 Qh1 43. 
Ke3 Qc1+ 44. Ke4 Qb1+ 45. Kf3 Qh1+ 46. Kg4 Qd5 47. Qe8+ Kc7 48. Qe7+ Kb8 
49. Qxf6 Qd7+ 50. f5 Ka8 51. Qxh6 Qxd4+ 52. Qf4 Qg7+ 53. Kf3 Qc3+ 54. Qe3 
Qf6 55. g4 Qh4 56. Qe4+ Ka7 57. Qf4 Qh3+ 58. Qg3 Qf1+ 59. Ke4 Qe2+ 60. Kd5
Qd2+ 61. Ke6 Qe2+ 62. Kf6 Qb2+ 63. Qe5 Qxa2 64. g5 Qxb3 65. g6 Qh3 66. 
Qe7+ Kb8 67. Qf8+ Kc7 68. Qg7+ Kd6 69. Qe7+ Kc6 70. g7 Qh6+ 71. Kf7 Qh7 
72. Qe8+ Kd6 73. Qf8+ Kd7 74. Kf6 Qh4+ 75. Ke5 Qe1+ 76. Kf4 Qf2+ 77. Kg5 
Qg2+ 78. Kh6 Qxh2+ 79. Kg6 Qg3+ 80. Kf6 Qc3+ 81. Kf7 Qb3+ 82. Kg6 Qg3+ 83.
 Kh7 Qh4+ 84. Kg8 a5 85. f6 a4 86. f7 a3 87. Qxa3 Ke6 88. Qe3+ Kd7 89. 
Qe8+ Kc7 90. f8=Q 1-0

[Event "European Cities & Towns Chess Championship - Open/Seniors"]
[Site "Central Europe"]
[Date "2023.01.29"]
[Round "2.11.3"]
[White "Mihasi, Erald"]
[Black "Yedid, Lior"]
[Result "1-0"]
[WhiteElo "1909"]
[BlackElo "1521"]
[BlackCountry "GB"]
[BlackFideId "487457"]
[BlackTeam "London Juniors"]
[Termination "time forfeit"]
[WhiteCountry "AL"]
[WhiteFideId "4700902"]
[WhiteTeam "Butrinti"]

1. d4 Nf6 2. Bf4 e6 3. e3 b6 4. Nf3 Bb7 5. c3 d5 6. Bd3 Nbd7 7. Nbd2 Be7 
8. O-O O-O 9. Ne5 c5 10. Bg3 Re8 11. f4 Nf8 12. Rc1 Ng6 13. Qe2 c4 14. Bc2
a5 15. Qf3 b5 16. Rfe1 b4 17. Ndxc4 Qc7 18. Nd2 bxc3 19. bxc3 Ba3 20. Rb1 
Qxc3 21. Qd1 Ba6 22. Rb3 Qc7 23. Rxa3 Bb5 24. Ba4 Bxa4 25. Qxa4 Reb8 26. 
Rb3 Rc8 27. Rb5 Qc3 28. Ndf3 Nxe5 29. Nxe5 Ne4 30. Qd1 Qc7 31. Qb3 Nd2 32.
 Qb2 Ne4 33. Rb7 Qd6 34. Nxf7 Qa6 35. Ne5 a4 36. a3 Qa5 37. Rc1 Nc3 38. 
Kh1 Ne2 39. Rxc8+ Rxc8 40. Rb8 Nxg3+ 41. hxg3 Qa6 42. Rxc8+ Qxc8 43. Qb5 
h6 44. Qxa4 Qc1+ 45. Kh2 Qxe3 46. Qe8+ Kh7 47. Qg6+ Kg8 48. Qxe6+ Kh7 49. 
Qxd5 Qe2 50. Qf7 Qd1 51. f5 Qe2 52. Nd7 1-0

[Event "European Cities & Towns Chess Championship - Open/Seniors"]
[Site "Central Europe"]
[Date "2023.01.29"]
[Round "2.11.4"]
[White "Hanache, Kai"]
[Black "Omeri, Eklea"]
[Result "1-0"]
[WhiteElo "1394"]
[BlackElo "1629"]
[BlackCountry "AL"]
[BlackFideId "4703804"]
[BlackTeam "Butrinti"]
[WhiteCountry "GB"]
[WhiteFideId "490105"]
[WhiteTeam "London Juniors"]

1. e4 c6 2. Nf3 d5 3. Nc3 dxe4 4. Nxe4 Bf5 5. Ng3 Bg6 6. h4 h6 7. d4 Nf6 
8. Bd3 Bxd3 9. Qxd3 Nbd7 10. c3 Qc7 11. Be3 e6 12. O-O-O O-O-O 13. Rhe1 
Bd6 14. Ne4 Nxe4 15. Qxe4 Nf6 16. Qd3 c5 17. Qc4 Ng4 18. Kb1 Nxe3 19. Rxe3
Bf4 20. Re4 cxd4 21. Rdxd4 Rxd4 22. Rxd4 Qxc4 23. Rxc4+ Bc7 24. Ne5 Kb8 
25. Nd7+ Kc8 26. Nc5 Rd8 27. Kc2 Kb8 28. Rg4 g6 29. Re4 Bb6 30. Nd3 Bc7 
31. Ne5 f5 32. Re2 Bxe5 33. Rxe5 Rd6 34. f4 Kc7 35. Re3 Kc6 36. Rg3 e5 37.
 fxe5 Re6 38. c4 f4 39. Rg4 Kc5 40. Kc3 a5 41. a3 Rxe5 42. b4+ axb4+ 43. 
axb4+ Kc6 44. Rxg6+ Kc7 45. Rxh6 Re3+ 46. Kd4 Rg3 47. Rf6 Rxg2 48. Rxf4 
Rb2 49. Kc5 Rg2 50. Rf7+ Kb8 51. h5 Re2 52. h6 Re5+ 53. Kd6 Rh5 54. h7 Ka8
55. Rf8+ Ka7 56. h8=Q Rg5 57. Ra8+ Kb6 58. Qd8# 1-0

[Event "European Cities & Towns Chess Championship - Open/Seniors"]
[Site "Central Europe"]
[Date "2023.01.29"]
[Round "3.1.1"]
[White "Nguyen, Thai Dai Van"]
[Black "Tarhan, Adar"]
[Result "1-0"]
[WhiteElo "2656"]
[BlackElo "2321"]
[BlackCountry "TR"]
[BlackFideId "34544712"]
[BlackTeam "Istanbul - Open"]
[BlackTitle "FM"]
[WhiteCountry "CZ"]
[WhiteFideId "358878"]
[WhiteTeam "Prague - Open"]
[WhiteTitle "GM"]

1. Nf3 Nf6 2. c4 e6 3. Nc3 d5 4. d4 Be7 5. Bf4 O-O 6. e3 Nbd7 7. c5 Ne4 8.
 Qc2 f5 9. Bd3 c6 10. h3 Ndf6 11. Ne5 Nh5 12. Bh2 Bh4 13. O-O Bd7 14. Ne2 
Be8 15. b4 Qg5 16. g3 Nhxg3 17. Nxg3 Bxg3 18. Bxg3 Nxg3 19. Nf3 Qh6 20. 
fxg3 Qxe3+ 21. Rf2 Bh5 22. Re1 Qh6 23. Qd2 Qg6 24. g4 Bxg4 25. Ne5 Qh5 26.
 hxg4 fxg4 27. Rh2 1-0

[Event "European Cities & Towns Chess Championship - Open/Seniors"]
[Site "Central Europe"]
[Date "2023.01.29"]
[Round "3.1.2"]
[White "Can, Isik"]
[Black "Rodshtein, Maxim"]
[Result "1/2-1/2"]
[WhiteElo "2488"]
[BlackElo "2616"]
[BlackCountry "IL"]
[BlackFideId "2806851"]
[BlackTeam "Prague - Open"]
[BlackTitle "GM"]
[WhiteCountry "TR"]
[WhiteFideId "6383742"]
[WhiteTeam "Istanbul - Open"]
[WhiteTitle "IM"]

1. e4 e6 2. d4 d5 3. Nd2 c5 4. Ngf3 cxd4 5. Nxd4 Nc6 6. Bb5 Bd7 7. Nxc6 
bxc6 8. Bd3 Ne7 9. Qe2 Ng6 10. Nf3 Bd6 11. e5 Be7 12. g3 c5 13. c3 O-O 14.
 h4 f6 15. Bf4 f5 16. h5 Nxf4 17. gxf4 Rb8 18. O-O-O Qa5 19. Bb1 Bb5 20. 
Qc2 Ba4 21. b3 Bc6 22. Ng5 Bxg5 23. fxg5 d4 24. Rh3 Be4 25. Qd2 Rfc8 26. 
Bxe4 fxe4 27. Kb2 d3 28. Rh4 c4 29. Rxe4 Qd5 30. Rd4 Qxe5 31. Re1 Qf5 32. 
f4 Rb5 33. h6 e5 34. fxe5 Rxe5 35. Rxe5 Qxe5 36. Rxc4 Rxc4 37. bxc4 Qe2 
38. Kc1 Qf1+ 39. Kb2 gxh6 40. gxh6 Kf7 41. c5 Qe2 42. Kc1 Qf1+ 43. Qd1 
Qf4+ 44. Kb2 Qf2+ 45. Kc1 Qf4+ 46. Qd2 Qf1+ 47. Qd1 Qf4+ 1/2-1/2

[Event "European Cities & Towns Chess Championship - Open/Seniors"]
[Site "Central Europe"]
[Date "2023.01.29"]
[Round "3.1.3"]
[White "Movsesian, Sergei"]
[Black "Makaraci, Tunahan"]
[Result "1/2-1/2"]
[WhiteElo "2615"]
[BlackElo "2296"]
[BlackCountry "TR"]
[BlackFideId "6356559"]
[BlackTeam "Istanbul - Open"]
[WhiteCountry "AM"]
[WhiteFideId "310204"]
[WhiteTeam "Prague - Open"]
[WhiteTitle "GM"]

1. e4 Nf6 2. e5 Nd5 3. d4 d6 4. Nf3 dxe5 5. Nxe5 c6 6. Be2 Bf5 7. O-O Nd7 
8. c4 N5f6 9. f4 e6 10. Nc3 Ne4 11. Bf3 Nxc3 12. bxc3 Nxe5 13. fxe5 Be7 
14. Qb3 Rb8 15. Be3 O-O 16. Rad1 Bg5 17. Bf2 Qa5 18. g4 Bg6 19. h4 Bf4 20.
 h5 Qd8 21. hxg6 fxg6 22. c5 Qg5 23. Kg2 Rbe8 24. Qxb7 h5 25. Qxc6 hxg4 
26. Be2 g3 27. Bg1 Kh7 28. Rd3 Qh4 29. Rdf3 g5 30. Rxf4 gxf4 31. Qf3 Rf5 
32. Bd3 g5 33. Bxf5+ exf5 34. Qb7+ Kh8 35. Qf7 Rb8 36. Qf6+ Kg8 37. Qxf5 
Rb2+ 38. Kf3 Qh1+ 39. Kg4 Qh4+ 40. Kf3 Qh1+ 41. Kg4 Qh4+ 42. Kf3 1/2-1/2

[Event "European Cities & Towns Chess Championship - Open/Seniors"]
[Site "Central Europe"]
[Date "2023.01.29"]
[Round "3.1.4"]
[White "Citak, Selim"]
[Black "Nemec, Jachym"]
[Result "1-0"]
[WhiteElo "2281"]
[BlackElo "2361"]
[BlackCountry "CZ"]
[BlackFideId "23716525"]
[BlackTeam "Prague - Open"]
[BlackTitle "FM"]
[WhiteCountry "TR"]
[WhiteFideId "6301819"]
[WhiteTeam "Istanbul - Open"]
[WhiteTitle "FM"]

1. d4 d5 2. c4 c6 3. Nc3 Nf6 4. e3 e6 5. Nf3 Nbd7 6. Qc2 Bd6 7. g4 h6 8. 
Bd2 dxc4 9. Bxc4 b5 10. Bb3 Bb7 11. g5 hxg5 12. Nxg5 Qe7 13. O-O-O a5 14. 
a4 Rc8 15. Kb1 Nd5 16. Nge4 Nb4 17. Nxd6+ Qxd6 18. Ne4 Qe7 19. Bxb4 Qxb4 
20. Nc5 Nxc5 21. dxc5 Rh4 22. Bxe6 fxe6 23. Qg6+ Kf8 24. Rd7 Qe4+ 25. Qxe4
Rxe4 26. Rxb7 Rxa4 27. Rg1 Rd8 28. Rgxg7 Rd1+ 29. Kc2 Raa1 30. Rgc7 Rac1+ 
31. Kb3 Rd3+ 32. Ka2 Rd8 33. Rxc6 b4 34. Ra7 Rc2 35. Rxa5 Rdd2 36. Kb3 
Rxb2+ 37. Kc4 Kf7 38. Ra7+ Kf6 39. Raa6 Rxf2 40. Rxe6+ Kf7 41. Reb6 Rfc2+ 
42. Kb5 Ra2 43. Rxa2 Rxa2 44. Kxb4 Rxh2 45. Rd6 Ke7 46. Kb5 Rb2+ 47. Kc6 
Rc2 48. Rd3 Rc4 49. Kb6 Rb4+ 50. Kc7 Rc4 51. c6 Rc1 52. Kb7 Rb1+ 53. Kc8 
Rc1 54. c7 Rc2 55. Rd4 Rc3 56. Re4+ Kd6 57. Kd8 1-0

[Event "European Cities & Towns Chess Championship - Open/Seniors"]
[Site "Central Europe"]
[Date "2023.01.29"]
[Round "3.2.1"]
[White "Massoni, Michael"]
[Black "Mastrovasilis, Dimitrios"]
[Result "1-0"]
[WhiteElo "2322"]
[BlackElo "2605"]
[BlackCountry "GR"]
[BlackFideId "4202694"]
[BlackTeam "Thessaloniki"]
[BlackTitle "GM"]
[Termination "time forfeit"]
[WhiteCountry "FR"]
[WhiteFideId "654213"]
[WhiteTeam "Corsica "]
[WhiteTitle "IM"]

1. e4 c5 2. Nf3 e6 3. d4 cxd4 4. Nxd4 a6 5. Nc3 Qc7 6. Bd3 Nc6 7. Nxc6 
dxc6 8. O-O Bd6 9. f4 e5 10. f5 Nf6 11. Kh1 b5 12. a4 Bb7 13. Bg5 Be7 14. 
Qe2 Rd8 15. axb5 cxb5 16. Bxf6 Bxf6 17. Nd5 Bxd5 18. exd5 O-O 19. Rxa6 
Rxd5 20. Bxb5 e4 21. Ra4 Qb6 22. c4 Rd4 23. Ra3 Rfd8 24. h3 h6 25. Qf2 Qd6
26. Re3 Rd2 27. Re2 Qb4 28. Rxd2 Rxd2 29. Qe1 Qxb2 30. Qxe4 Re2 31. Qa8+ 
Kh7 32. Qf3 Qe5 33. Bc6 Re3 34. Qd5 Re1 35. Qf3 Qa1 36. Rxe1 Qxe1+ 37. Kh2
Be5+ 38. g3 Qd2+ 39. Qg2 Qc3 40. Bd5 f6 41. Bf7 Qe3 42. Bg6+ Kg8 43. Qa8+ 
1-0

[Event "European Cities & Towns Chess Championship - Open/Seniors"]
[Site "Central Europe"]
[Date "2023.01.29"]
[Round "3.2.2"]
[White "Papaioannou, Ioannis"]
[Black "Pieri, Pierre-Louis"]
[Result "1-0"]
[WhiteElo "2628"]
[BlackElo "2138"]
[BlackCountry "FR"]
[BlackFideId "20622627"]
[BlackTeam "Corsica "]
[WhiteCountry "GR"]
[WhiteFideId "4201345"]
[WhiteTeam "Thessaloniki"]
[WhiteTitle "GM"]

1. e4 c5 2. Nf3 e6 3. c3 d5 4. exd5 Qxd5 5. d4 Nc6 6. Be3 cxd4 7. cxd4 Nf6
8. Nc3 Qd6 9. Bd3 Be7 10. O-O O-O 11. a3 b6 12. Qe2 Bb7 13. Rad1 Rfe8 14. 
Rfe1 Rad8 15. Bb1 g6 16. h4 Nd5 17. Ne4 Qb8 18. Ba2 Nf6 19. Neg5 Bf8 20. 
b4 a5 21. b5 Ne7 22. Ne5 Ned5 23. Ngxf7 Rc8 24. Qf3 Bg7 25. Nh6+ Bxh6 26. 
Bxh6 Rc3 27. Rd3 Rxd3 28. Qxd3 Re7 29. Bg5 Rc7 30. Bxf6 Nxf6 31. Bxe6+ Kg7
32. d5 Re7 33. Qd4 Bxd5 34. Nd7 Rxd7 35. Bxd7 Qc7 36. Bc6 Bf7 37. g4 Qc8 
38. g5 Qg4+ 39. Qxg4 Nxg4 40. f3 1-0

[Event "European Cities & Towns Chess Championship - Open/Seniors"]
[Site "Central Europe"]
[Date "2023.01.29"]
[Round "3.2.3"]
[White "Utrera, Ludovic"]
[Black "Mastrovasilis, Athanasios"]
[Result "0-1"]
[WhiteElo "2045"]
[BlackElo "2520"]
[BlackCountry "GR"]
[BlackFideId "4201990"]
[BlackTeam "Thessaloniki"]
[BlackTitle "GM"]
[WhiteCountry "FR"]
[WhiteFideId "20604580"]
[WhiteTeam "Corsica "]

1. e4 e5 2. Nf3 Nc6 3. Bc4 Nf6 4. d3 Bc5 5. c3 a6 6. a4 Ba7 7. O-O d6 8. 
Re1 O-O 9. h3 Kh8 10. Bg5 Ne7 11. Bb3 Ng6 12. d4 h6 13. dxe5 hxg5 14. exf6
Qxf6 15. Nd4 Nf4 16. Bc2 g6 17. Qf3 Kg7 18. Nd2 Rh8 19. Re3 g4 20. Qg3 
gxh3 21. e5 dxe5 22. Ne4 hxg2 23. f3 exd4 24. Nxf6 Rh1+ 25. Kf2 dxe3# 0-1

[Event "European Cities & Towns Chess Championship - Open/Seniors"]
[Site "Central Europe"]
[Date "2023.01.29"]
[Round "3.2.4"]
[White "Ioannidis, Evgenios"]
[Black "Geronimi, Pierre-Francois"]
[Result "1-0"]
[WhiteElo "2476"]
[BlackElo "2027"]
[BlackCountry "FR"]
[BlackFideId "655686"]
[BlackTeam "Corsica "]
[WhiteCountry "GR"]
[WhiteFideId "4229274"]
[WhiteTeam "Thessaloniki"]
[WhiteTitle "IM"]

1. d4 g6 2. e4 Bg7 3. Nc3 d6 4. Be3 a6 5. a4 b6 6. Nf3 Bb7 7. Bc4 h6 8. 
Bd5 c6 9. Bb3 Nd7 10. O-O e6 11. e5 d5 12. a5 b5 13. Ne2 Ne7 14. Ng3 c5 
15. c3 Rc8 16. Bc2 Nc6 17. dxc5 Ndxe5 18. Nxe5 Bxe5 19. f4 Bf6 20. f5 d4 
21. Ne4 dxe3 22. Nd6+ Kf8 23. fxe6 Rc7 24. Qe2 Kg7 25. Qxe3 Re8 26. Rxf6 
Kxf6 27. Qf4+ Kg7 28. Nxe8+ Qxe8 29. Qxc7 Qe7 30. Qxe7 Nxe7 31. exf7 Kxf7 
32. Rf1+ Ke6 33. Re1+ Kd7 34. Rd1+ Ke6 35. Rd6+ Ke5 36. Rb6 Bc8 37. Bxg6 
Nd5 38. Rd6 Nf4 39. Kf2 Be6 40. Bc2 h5 41. Rxa6 h4 42. Rb6 h3 43. gxh3 
Nxh3+ 44. Kg3 Nf4 45. a6 Nd5 46. Rxe6+ Kxe6 47. Bb3 1-0

[Event "European Cities & Towns Chess Championship - Open/Seniors"]
[Site "Central Europe"]
[Date "2023.01.29"]
[Round "3.3.1"]
[White "Kourkoulos-Arditis, Stamatis"]
[Black "Samunenkov, Ihor"]
[Result "1-0"]
[WhiteElo "2537"]
[BlackElo "2485"]
[BlackCountry "UA"]
[BlackFideId "14187086"]
[BlackTeam "Kyiv region"]
[BlackTitle "IM"]
[WhiteCountry "GR"]
[WhiteFideId "4221990"]
[WhiteTeam "Kallithea - Athens"]
[WhiteTitle "IM"]

1. b3 c5 2. Bb2 Nc6 3. e3 e5 4. Bb5 Nge7 5. Ne2 g6 6. d4 exd4 7. exd4 Bg7 
8. Bc3 cxd4 9. Nxd4 O-O 10. O-O Qb6 11. Nxc6 dxc6 12. Bxg7 Kxg7 13. Bc4 
Nf5 14. Nc3 Qd4 15. Qe1 b5 16. Rd1 Qc5 17. Ne4 Qe5 18. Bd3 Be6 19. Ng5 
Qxe1 20. Rfxe1 Rfe8 21. Nxe6+ fxe6 22. Be4 Rac8 23. g4 Ne7 24. Rd7 Kf6 25.
 Red1 Nd5 26. Rxh7 Nc3 27. Re1 a5 28. Bd3 Rh8 29. g5+ Kxg5 30. Rxh8 Rxh8 
31. Rxe6 c5 32. Re5+ Kf4 33. Rxc5 Rh5 34. Rxc3 1-0

[Event "European Cities & Towns Chess Championship - Open/Seniors"]
[Site "Central Europe"]
[Date "2023.01.29"]
[Round "3.3.2"]
[White "Grebeniuk, Semen"]
[Black "Halkias, Stelios"]
[Result "1/2-1/2"]
[WhiteElo "2315"]
[BlackElo "2516"]
[BlackCountry "GR"]
[BlackFideId "4201809"]
[BlackTeam "Kallithea - Athens"]
[BlackTitle "GM"]
[WhiteCountry "UA"]
[WhiteFideId "14117509"]
[WhiteTeam "Kyiv region"]

1. d4 d5 2. Nf3 Nf6 3. Bg5 Nbd7 4. Nbd2 e6 5. e3 c5 6. c3 Bd6 7. Bd3 h6 8.
 Bh4 Qc7 9. O-O c4 10. Bc2 b5 11. e4 dxe4 12. Nxe4 Nxe4 13. Bxe4 Rb8 14. 
Bg3 O-O 15. Nd2 Nf6 16. Bf3 Bxg3 17. hxg3 Bb7 18. a3 Rfc8 19. Re1 Bd5 20. 
Bxd5 exd5 21. Re5 Re8 22. Qe2 Rxe5 23. dxe5 Re8 24. Re1 Nd7 25. Nf3 Nc5 
26. Qe3 Nd3 27. Re2 Re6 28. Qd4 Qb7 29. Ne1 Nc1 30. Re3 Nb3 31. Qd1 Nc5 
32. Qd4 Nb3 33. Qd1 Nc5 34. Qd4 Nb3 1/2-1/2

[Event "European Cities & Towns Chess Championship - Open/Seniors"]
[Site "Central Europe"]
[Date "2023.01.29"]
[Round "3.3.3"]
[White "Kalogeris, Ioannis"]
[Black "Paryokha, Serhiy"]
[Result "1/2-1/2"]
[WhiteElo "2409"]
[BlackElo "2294"]
[BlackCountry "UA"]
[BlackFideId "14198177"]
[BlackTeam "Kyiv region"]
[WhiteCountry "GR"]
[WhiteFideId "4239563"]
[WhiteTeam "Kallithea - Athens"]
[WhiteTitle "FM"]

1. e4 c6 2. d4 d5 3. e5 Bf5 4. Nd2 e6 5. Nb3 Nd7 6. Nf3 Ne7 7. Be2 Bg4 8. 
O-O Bxf3 9. Bxf3 Nf5 10. Bg4 g6 11. Bd2 h5 12. Bh3 Be7 13. Qe2 Qc7 14. c4 
dxc4 15. Qxc4 Nb6 16. Qd3 Rd8 17. Qe4 Qd7 18. Rfd1 Qd5 19. Qxd5 Rxd5 20. 
Bc3 Kd8 21. g3 Kc8 22. a4 a6 23. a5 Na8 24. Ra4 Rhd8 25. Rc1 Nc7 26. Rc4 
Nb5 27. Bxf5 gxf5 28. h4 Rg8 29. Kh2 Rg4 30. f3 Rg8 31. Kh3 Rg7 32. Bd2 
Rd8 33. Be3 Nc7 34. R1c2 Nd5 35. Bf2 Rdg8 36. f4 Kd7 37. Nc5+ Bxc5 38. 
Rxc5 Nb4 39. R2c3 Nd5 40. Rb3 Kc8 41. Rc4 Rd8 42. Be1 Rdg8 43. Bf2 Rd8 44.
 Be1 Rdg8 45. Bf2 1/2-1/2

[Event "European Cities & Towns Chess Championship - Open/Seniors"]
[Site "Central Europe"]
[Date "2023.01.29"]
[Round "3.3.4"]
[White "Kirichenko, Vitaly"]
[Black "Papasimakopoulos, Alexandros"]
[Result "0-1"]
[WhiteElo "2262"]
[BlackElo "2334"]
[BlackCountry "GR"]
[BlackFideId "4244125"]
[BlackTeam "Kallithea - Athens"]
[BlackTitle "FM"]
[Termination "time forfeit"]
[WhiteCountry "UA"]
[WhiteFideId "14103079"]
[WhiteTeam "Kyiv region"]

1. e4 e6 2. Nf3 d5 3. exd5 exd5 4. d4 Bg4 5. h3 Bh5 6. Qe2+ Qe7 7. Be3 Nc6
8. Nc3 O-O-O 9. O-O-O f6 10. g4 Bf7 11. Nd2 Qd7 12. Nb3 h5 13. Na4 Nb8 14.
 Nac5 Bxc5 15. Nxc5 Qd6 16. g5 Ne7 17. Qf3 b6 18. Bf4 Qc6 19. Nd3 Bg6 20. 
gxf6 gxf6 21. Nb4 Qd7 22. Qc3 a5 23. Na6 Nxa6 24. Bxa6+ Kb8 25. Rhe1 Rhe8 
26. a4 Ka7 27. Qxc7+ Qxc7 28. Bxc7 Rd7 29. Bb5 Rxc7 30. Rd2 Rec8 31. c3 
Nf5 32. Re6 Rf7 33. Kd1 Rd8 34. Bd3 Nh4 35. Bxg6 Nxg6 0-1

[Event "European Cities & Towns Chess Championship - Open/Seniors"]
[Site "Central Europe"]
[Date "2023.01.29"]
[Round "3.4.1"]
[White "Manolache, Marius"]
[Black "Tomic, Aleksandar"]
[Result "0-1"]
[WhiteElo "2454"]
[BlackElo "2417"]
[BlackCountry "ME"]
[BlackFideId "16501799"]
[BlackTeam "Niksic"]
[BlackTitle "FM"]
[WhiteCountry "RO"]
[WhiteFideId "1201530"]
[WhiteTeam "CSM Galati"]
[WhiteTitle "GM"]

1. d4 Nf6 2. Nf3 e6 3. c4 Bb4+ 4. Nc3 O-O 5. Bd2 d5 6. e3 b6 7. cxd5 exd5 
8. Bd3 Bb7 9. O-O Bd6 10. Nb5 Be7 11. Rc1 c5 12. Ne5 a6 13. Nc3 c4 14. Bb1
b5 15. Be1 Nc6 16. Ne2 Bd6 17. f4 Ne4 18. Nc3 Ne7 19. Qf3 f6 20. Ng4 Qd7 
21. f5 Ng5 22. Qd1 Rae8 23. h4 Ne4 24. Qf3 Nc8 25. Ne2 b4 26. Qh3 Kh8 27. 
Nf4 Bxf4 28. Rxf4 a5 29. Nf2 Nxf2 30. Bxf2 Nd6 31. g4 Re7 32. g5 Rfe8 33. 
Kh2 Ne4 34. Bxe4 Rxe4 35. gxf6 gxf6 36. Rxe4 Rxe4 37. Rg1 Re8 38. h5 Qf7 
39. Bh4 Bc8 40. h6 Rg8 41. Rxg8+ Kxg8 42. Qg3+ Kf8 43. Qb8 Qd7 44. Bxf6 
Kf7 45. Be5 Qxf5 46. Qa7+ Bd7 47. Kg3 Qg4+ 48. Kf2 Kg6 49. Qb6+ Kh5 50. 
Qf6 Qf5+ 51. Qxf5+ Bxf5 52. Bc7 a4 53. Ba5 c3 54. bxc3 b3 55. axb3 axb3 
56. e4 Bxe4 57. c4 b2 58. cxd5 Bxd5 59. Ke3 b1=Q 0-1

[Event "European Cities & Towns Chess Championship - Open/Seniors"]
[Site "Central Europe"]
[Date "2023.01.29"]
[Round "3.4.2"]
[White "Krivokapic, Marko"]
[Black "Barbu, Simon-Alexandru"]
[Result "1-0"]
[WhiteElo "2386"]
[BlackElo "2023"]
[BlackCountry "RO"]
[BlackFideId "1257170"]
[BlackTeam "CSM Galati"]
[WhiteCountry "ME"]
[WhiteFideId "931314"]
[WhiteTeam "Niksic"]
[WhiteTitle "IM"]

1. e4 c6 2. d4 d5 3. f3 e6 4. Nc3 Nf6 5. e5 Nfd7 6. f4 c5 7. Nf3 b6 8. Be3
Ba6 9. Bxa6 Nxa6 10. O-O Be7 11. Ne2 g6 12. c3 h5 13. Qd3 Qc8 14. Rac1 
cxd4 15. cxd4 Qb7 16. a3 Kf8 17. Rc3 Kg7 18. f5 exf5 19. Ng5 Nf8 20. Rxf5 
f6 21. exf6+ Bxf6 22. Rf1 Rc8 23. Bf4 Nc7 24. Be5 Bxe5 25. dxe5 Kg8 26. 
Rxf8+ Kxf8 27. Qxg6 Ne8 28. Rf3+ 1-0

[Event "European Cities & Towns Chess Championship - Open/Seniors"]
[Site "Central Europe"]
[Date "2023.01.29"]
[Round "3.4.3"]
[White "Tudoroiu, Razvan-Catalin"]
[Black "Kisic, Bozidar"]
[Result "1-0"]
[WhiteElo "1923"]
[BlackElo "2303"]
[BlackCountry "ME"]
[BlackFideId "16500350"]
[BlackTeam "Niksic"]
[BlackTitle "FM"]
[WhiteCountry "RO"]
[WhiteFideId "1281100"]
[WhiteTeam "CSM Galati"]

1. d4 Nf6 2. c4 c5 3. d5 b5 4. cxb5 a6 5. bxa6 d6 6. Nc3 g6 7. e4 Bg7 8. 
Nf3 Qa5 9. Bd2 Bxa6 10. Be2 Nbd7 11. O-O O-O 12. a4 Qb6 13. Bxa6 Rxa6 14. 
b3 Rb8 15. Rb1 Ng4 16. Qc2 Rc8 17. h3 Nge5 18. Nxe5 Nxe5 19. Be3 Qb8 20. 
f4 Nd7 21. Qe2 Qa8 22. Nb5 c4 23. Rfc1 c3 24. Qd3 Nc5 25. Bxc5 Rxc5 26. 
Nxc3 Qc8 27. Ne2 Ra8 28. Rc4 Qa6 29. Rbc1 Rb8 30. Nd4 Rxc4 31. Rxc4 Qb6 
32. Kh2 Bxd4 33. Rxd4 Qxb3 34. Qxb3 Rxb3 35. Rc4 Kg7 36. e5 Rd3 37. a5 
dxe5 38. Ra4 Rxd5 39. a6 Rd8 40. fxe5 Ra8 41. a7 Kf8 42. Kg3 Ke8 43. Kf4 
Kd7 44. Kg5 Ke6 45. Ra5 h5 46. g4 hxg4 47. hxg4 Kd7 48. Kh6 Kc6 49. Kg7 
Kb6 50. Ra1 f6 51. exf6 exf6 52. Kxf6 Kc5 53. Kxg6 1-0

[Event "European Cities & Towns Chess Championship - Open/Seniors"]
[Site "Central Europe"]
[Date "2023.01.29"]
[Round "3.4.4"]
[White "Saric, Igor"]
[Black "Jugaru, Lucian"]
[Result "1-0"]
[WhiteElo "2282"]
[BlackElo "1839"]
[BlackCountry "RO"]
[BlackFideId "1220497"]
[BlackTeam "CSM Galati"]
[WhiteCountry "ME"]
[WhiteFideId "909319"]
[WhiteTeam "Niksic"]
[WhiteTitle "FM"]

1. e4 c5 2. Nf3 e6 3. Nc3 a6 4. g3 b5 5. Bg2 Bb7 6. d3 Qc7 7. O-O g6 8. a3
Bg7 9. Bg5 h6 10. Be3 Nc6 11. Bxc5 Nge7 12. Be3 d5 13. exd5 exd5 14. Bf4 
Qb6 15. Re1 O-O 16. Ne5 g5 17. Nxc6 Nxc6 18. Nxd5 Qc5 19. Be3 Qd6 20. Nc3 
Rae8 21. Ne4 Qc7 22. Bc5 Ne7 23. d4 Rd8 24. Bxe7 Qxe7 25. Nc5 1-0

[Event "European Cities & Towns Chess Championship - Open/Seniors"]
[Site "Central Europe"]
[Date "2023.01.29"]
[Round "3.5.1"]
[White "Jansa, Vlastimil"]
[Black "Hristodoulou, Panagiotis"]
[Result "1/2-1/2"]
[WhiteElo "2398"]
[BlackElo "2372"]
[BlackCountry "GR"]
[BlackFideId "4214340"]
[BlackTeam "Heraklion"]
[BlackTitle "FM"]
[WhiteCountry "CZ"]
[WhiteFideId "300128"]
[WhiteTeam "Prague - Seniors"]
[WhiteTitle "GM"]

1. e4 Nf6 2. e5 Nd5 3. d4 d6 4. Nf3 dxe5 5. Nxe5 c6 6. Be2 Bf5 7. O-O Nd7 
8. Nf3 e6 9. c4 N5f6 10. Nc3 Ne4 11. Nxe4 Bxe4 12. Bd3 Bxd3 13. Qxd3 Be7 
14. Bf4 O-O 15. Rfe1 Qa5 16. a3 Rfd8 17. Rad1 Bf6 18. Qe3 Qf5 19. Rd2 b5 
20. c5 Nf8 21. Ne5 Bxe5 22. Bxe5 Ng6 23. Bd6 Rd7 24. a4 b4 25. h3 h5 26. 
Qe4 Qxe4 27. Rxe4 Ne7 28. Bxe7 Rxe7 29. d5 cxd5 30. Rxd5 g6 31. Rd6 Rc7 
32. c6 Rac8 33. Rxb4 Rxc6 34. Rxc6 Rxc6 35. Rb7 a5 36. g3 Kg7 37. Kg2 Kf6 
38. Kf3 g5 39. Rb5 Rc2 40. b3 Kg6 41. h4 gxh4 42. gxh4 f6 43. Ke3 e5 44. 
f4 Kf5 45. fxe5 fxe5 46. Kd3 Rh2 47. Rxa5 Rxh4 48. Ra8 Rh1 49. a5 Rd1+ 50.
 Ke2 Rb1 51. Rb8 Ke4 52. Rb4+ Kd5 53. Kd3 Rd1+ 54. Kc2 Ra1 55. Rb5+ Kd4 
56. Kb2 Rg1 57. a6 Rg8 58. Rb4+ Kd3 59. Rh4 Rh8 60. b4 e4 61. b5 Kc4 62. 
b6 Kb5 63. a7 Kxb6 64. Rxh5 Ra8 65. Re5 Rxa7 66. Rxe4 Rc7 67. Re6+ Rc6 68.
 Rxc6+ Kxc6 1/2-1/2